Qur’an and astronomy [a comparative analysis]

Uloženo v:
Podrobná bibliografie
Hlavní autor: NAYAYI, Muhammad Lawal
Médium: Kniha
Jazyk:angličtina
Vydáno: Ahmadu Bello University Press 2015.
Tagy: Přidat tag
Žádné tagy, Buďte první, kdo vytvoří štítek k tomuto záznamu!

MARC

LEADER 00000nam a22000007a 4500
008 210506b ||||| |||| 00| 0 eng d
020 |a  978-978-53576-8-4 
100 |a NAYAYI, Muhammad Lawal 
245 |a Qur’an and astronomy [a comparative analysis]  |c Muhammad Lawal Nayayi  |g  xiii, 84p 
260 |b Ahmadu Bello University Press  |c  2015.   |d    |h  Zaria, Nigeria  |i 690086   |i 690087  |l BP134 .A8N23  |m Qur’an – Astronomy  |m Astronomy – religious aspects – Islam 
500 |a  “It includes references and index”  
942 |a lcc  |c BK  |e Adekanye, I. H.  |f 06/05/2021 
952 |0 0  |1 0  |2 lcc  |4 0  |7 0  |9 2391  |a HOL  |b HOL  |c AF  |d 2021-05-06  |o BP134 .A8N23  |p 2021-6243  |r 2021-05-06 00:00:00  |w 2021-05-06  |y BK 
952 |0 0  |1 0  |2 lcc  |4 0  |6 BP0134 A8 N23  |7 0  |9 2392  |a HOL  |b ART  |c AF  |d 2021-05-06  |l 0  |o BP134 .A8N23  |p 2021-6242  |r 2021-05-06 00:00:00  |w 2021-05-06  |y BK 
999 |c 1238  |d 1238